Релятивистская термодинамика ранней Вселенной; Известия Томского политехнического университета [Известия ТПУ]; Т. 308, № 1

書誌詳細
Parent link:Известия Томского политехнического университета [Известия ТПУ]/ Томский политехнический университет (ТПУ).— , 2000-
Т. 308, № 1.— 2005.— [С. 6-9]
第一著者: Ласуков В. В. Владимир Васильевич
要約:Заглавие с титульного листа
Электронная версия печатной публикации
Получено уравнение состояния гравитационных атомов, которые могут быть той средой, которая породила содержимое нашей Вселенной, либо мини-вселенные. Найден гравитационный аналог первого закона термодинамики.
言語:ロシア語
出版事項: 2005
シリーズ:Естественные науки
主題:
オンライン・アクセス:http://www.lib.tpu.ru/fulltext/v/Bulletin_TPU/2005/v308/i1/01.pdf
フォーマット: MixedMaterials 電子媒体 図書の章
KOHA link:https://koha.lib.tpu.ru/cgi-bin/koha/opac-detail.pl?biblionumber=170056

MARC

LEADER 00000nla2a2200000 4500
001 170056
005 20231220141411.0
035 |a (RuTPU)RU\TPU\book\184426 
035 |a RU\TPU\book\184339 
090 |a 170056 
100 |a 20091119d2005 k y0rusy50 ca 
101 0 |a rus 
102 |a RU 
135 |a drnn ---uucaa 
181 0 |a i  
182 0 |a b 
200 1 |a Релятивистская термодинамика ранней Вселенной  |f В. В. Ласуков 
203 |a Текст  |c электронный 
215 |a 1 файл (206 Кб) 
225 1 |a Естественные науки 
300 |a Заглавие с титульного листа 
300 |a Электронная версия печатной публикации 
320 |a [Библиогр.: с. 9 (12 назв.)] 
330 |a Получено уравнение состояния гравитационных атомов, которые могут быть той средой, которая породила содержимое нашей Вселенной, либо мини-вселенные. Найден гравитационный аналог первого закона термодинамики. 
337 |a Adobe Reader 
461 1 |0 (RuTPU)RU\TPU\book\176237  |t Известия Томского политехнического университета [Известия ТПУ]  |f Томский политехнический университет (ТПУ)  |d 2000- 
463 1 |0 (RuTPU)RU\TPU\book\184425  |t Т. 308, № 1  |v [С. 6-9]  |d 2005  |p 251 с. 
610 1 |a термодинамика 
610 1 |a Вселенная 
610 1 |a уравнения 
610 1 |a гравитационные атомы 
610 1 |a среды 
610 1 |a мини-вселенные 
610 1 |a гравитационный аналог 
610 1 |a законы 
610 1 |a труды учёных ТПУ 
610 1 |a электронный ресурс 
700 1 |a Ласуков  |b В. В.  |c математик  |c доцент Томского политехнического университета, кандидат физико-математических наук  |f 1954-  |g Владимир Васильевич  |3 (RuTPU)RU\TPU\pers\28144  |9 13102 
801 1 |a RU  |b 63413507  |c 20090623  |g PSBO 
801 2 |a RU  |b 63413507  |c 20210730  |g PSBO 
856 4 |u http://www.lib.tpu.ru/fulltext/v/Bulletin_TPU/2005/v308/i1/01.pdf 
942 |c CF